| 000 | 00600nam a2200193 a 4500 | ||
|---|---|---|---|
| 001 | 000046093 | ||
| 005 | 20201002052632.0 | ||
| 008 | 150618s2011 dr abc 000 0 spa d | ||
| 020 | _a9789945002850 | ||
| 040 |
_aDO-SdBNP _bspa _cBNPHU |
||
| 082 |
_axxxx _bxxxx |
||
| 100 | 1 |
_aSánchez, Federico, _d1953- _926445 |
|
| 245 | 1 | 0 |
_aAún queda rodante la palabra / _cFederico Sánchez. |
| 250 | _a2a ed. | ||
| 260 |
_aSanto Domingo : _bFS Fedor, _c2011. |
||
| 300 |
_a195 p. : _bil., mapas, retrs. ; _c27 cm. |
||
| 500 | _aAntología poética unipersonal | ||
| 500 | _aIncluye datos biográficos del autor | ||
| 999 |
_c45582 _d45582 |
||